| 000 | 01227cam a22002775a 4500 | ||
|---|---|---|---|
| 001 | L146502 | ||
| 002 | 17314 | ||
| 008 | 090127s2008 xxk f 001 0 eng d | ||
| 020 | _a9781405159234 | ||
| 035 | _a(Sirsi) u146502 | ||
| 041 | 0 | _aeng | |
| 050 | 0 | 4 | _a690.2 $1 8 |
| 245 | 0 | 0 |
_aSurveying and engineering _bprinciples and practice |
| 260 |
_aOxford _bBlackwell Publishing _c2008 |
||
| 300 |
_axviii, 286 p. _c25 cm. |
||
| 350 | _a34.99 | ||
| 505 | 2 | _aIntroduction -- Principles and practice of management -- Management of health and safety at work -- Building adaptation -- Fire safety -- Advanced building control -- Sustainable construction | |
| 520 | _aDiscusses the key principles and practices of surveying and building engineering. Includes a reading list in each chapter, case studies and self-assessment questions. Aims at undergraduates students in building surveying, construction management, and quantity surveying, and in building engineering. Also useful for practitioners as reference publication. | ||
| 521 | _aAdvanced | ||
| 590 | _aKA | ||
| 651 | 4 |
_aUnited Kingdom _y |
|
| 690 |
_aBuilding surveying _96225 |
||
| 690 | _aBUILT ENVIRONMENT-ENGINEERING | ||
| 700 | 1 | _aWatson, Paul | |
| 942 | _n0 | ||
| 999 |
_c109202 _d109202 |
||